Raise your leaders (Record no. 191221)

MARC details
000 -LEADER
fixed length control field 00272nam a2200097Ia 4500
082 ## - DEWEY DECIMAL CLASSIFICATION NUMBER
Classification number 658.4092|HAND
008 - FIXED-LENGTH DATA ELEMENTS--GENERAL INFORMATION
fixed length control field 210817s9999 xx 000 0 und d
100 ## - MAIN ENTRY--PERSONAL NAME
Personal name Handley, Jenny South Africa, 2013 First edition
9 (RLIN) 60825
245 #0 - TITLE STATEMENT
Title Raise your leaders
942 ## - ADDED ENTRY ELEMENTS
item type Books
Holdings
Withdrawn status Lost status Damaged status Not for loan Home library Current library Date acquired Cost, normal purchase price Total Checkouts Barcode Date last seen Price effective from item type
        Emthonjeni PL (MMID-PLEMA-EMTH) Emthonjeni PL (MMID-PLEMA-EMTH) 18.08.2021 326.00   3322810088417 18.08.2021 18.08.2021 Books